| 000 | 00865nam a2200205 i 4500 | ||
|---|---|---|---|
| 001 | 170812 | ||
| 003 | ES-MaACL | ||
| 005 | 20250808062745.0 | ||
| 008 | 090407s1954 sp |||| | spa d | ||
| 100 | 0 |
_aFrancisco de Sales _cSanto. _952194 |
|
| 245 | 1 | 0 |
_aObras selectas de San Francisco de Sales. _nII / _cpreparadas sobre la edición típica de las "Obras completas" de Annecy por Francisco de la Hoz. |
| 260 |
_aMadrid : _bEditorial Católica, _c1954. |
||
| 300 |
_aXII, 982 p. ; _c20 cm. |
||
| 490 | 1 |
_aBiblioteca de autores cristianos ; _v127 |
|
| 505 | 8 | _aContiene: Tratado del amor de Dios ; Constituciones y directorio espiritual ; Fragmentos del epistolario ; Ramillete de cartas enteras | |
| 700 | 1 |
_aHoz, Francisco de la. _9139744 |
|
| 830 | 1 | 0 |
_aBiblioteca de autores cristianos _v127 _9178679 |
| 852 |
_aES-MaACL _jJ-125 |
||
| 999 |
_c170812 _d170812 |
||